000 00664nam a2200205Ia 4500
003 IN-BaIIA
008 211028s9999 xx 000 0 eng d
020 _a90-277-1862-8
040 _cIIA Library
080 _a523.92
_bSTU
245 0 _aPhysics of the Sun
_bvol. III, astrophysics and solar terrestrial relations
_cedited by Peter A Sturrock
260 _aDordrecht
_bD. Reidel Publishing
_c1986
300 _aix, 286p.
650 _aAstronomy and Astrophysics Thesaurus
650 _aSolar Interior
_98516
650 _aSolar Physics
650 _aSun
_91200
700 _aSturrock, Peter A., ed.
_911889
942 _cBK
999 _c8761
_d8761